Statistics for Countries Closest to Brazil

Click here to take the quiz!

General Stats

  • This quiz has been taken 978 times
  • The average score is 17 of 20

Answer Stats

HintAnswer% Correct
2355 kmArgentina
98%
2844 kmChile
97%
1367 kmParaguay
97%
2258 kmSuriname
97%
2334 kmUruguay
97%
1756 kmBolivia
96%
2440 kmGuyana
96%
3218 kmColombia
95%
3314 kmEcuador
95%
2727 kmPeru
95%
3207 kmVenezuela
95%
3991 kmPanama
94%
2963 kmTrinidad and Tobago
84%
3294 kmSt. Lucia
79%
3213 kmSt. Vincent and the Grenadines
77%
3117 kmGrenada
75%
3154 kmBarbados
74%
3444 kmDominica
74%
3656 kmAntigua and Barbuda
71%
4142 kmDominican Republic
55%

Score Distribution

Percentile by Number Answered

Percent of People with Each Score

Your Score History

You have not taken this quiz